Annual Probation Survey, 2002

The 2002 Annual Probation Survey provides a count of the total number of persons supervised on probation on January 1 and December 31, 2002, and a count of the number of persons entering and exiting probation supervision during 2002. The survey also provides counts of the number of probationers by c...

Ausführliche Beschreibung

Gespeichert in:  
Bibliographische Detailangaben
Körperschaft: USA. VerfasserIn (Verfasst von)
Medienart: Elektronisch Forschungsdaten Statistik
Sprache:Englisch
Veröffentlicht: [Erscheinungsort nicht ermittelbar] [Verlag nicht ermittelbar] 2013
In:Jahr: 2013
Online-Zugang: Volltext (kostenfrei)
Verfügbarkeit prüfen: HBZ Gateway
Schlagwörter:

MARC

LEADER 00000cam a22000002c 4500
001 1840048786
003 DE-627
005 20251117212637.0
007 cr uuu---uuuuu
008 230324s2013 xx |||||os 00| ||eng c
024 7 |a 10.3886/ICPSR28363.v1  |2 doi 
035 |a (DE-627)1840048786 
035 |a (DE-599)KXP1840048786 
040 |a DE-627  |b ger  |c DE-627  |e rda 
041 |a eng 
084 |a 2,1  |2 ssgn 
110 2 |a USA  |b Bureau of Justice Statistics  |e VerfasserIn  |0 (DE-588)128916-0  |0 (DE-627)102383049  |0 (DE-576)190702192  |4 aut 
245 1 0 |a Annual Probation Survey, 2002 
264 1 |a [Erscheinungsort nicht ermittelbar]  |b [Verlag nicht ermittelbar]  |c 2013 
336 |a Text  |b txt  |2 rdacontent 
337 |a Computermedien  |b c  |2 rdamedia 
338 |a Online-Ressource  |b cr  |2 rdacarrier 
520 |a The 2002 Annual Probation Survey provides a count of the total number of persons supervised on probation on January 1 and December 31, 2002, and a count of the number of persons entering and exiting probation supervision during 2002. The survey also provides counts of the number of probationers by certain characteristics, such as gender, race and Hispanic or Latino origin, offense, and supervision status. The survey covers all 50 states, the District of Columbia, and the federal system. 
540 |a ICPSR Terms of Use 
650 0 7 |0 (DE-588)4183472-0  |0 (DE-627)105302465  |0 (DE-576)210018860  |a Strafjustiz  |2 gnd 
650 0 7 |0 (DE-588)4057799-5  |0 (DE-627)10614944X  |0 (DE-576)209123745  |a Straftat  |2 gnd 
650 0 7 |0 (DE-588)4333437-4  |0 (DE-627)148058949  |0 (DE-576)211340499  |a Bewährung  |2 gnd 
650 0 7 |0 (DE-588)4057778-8  |0 (DE-627)10416851X  |0 (DE-576)209123672  |a Strafaussetzung  |2 gnd 
650 0 7 |0 (DE-588)4122916-2  |0 (DE-627)105758957  |0 (DE-576)209555319  |a Bewährungshelfer  |2 gnd 
650 0 7 |0 (DE-588)4127783-1  |0 (DE-627)105722154  |0 (DE-576)20959649X  |a Verurteilung  |2 gnd 
650 4 |a CRIMINAL justice system 
650 4 |a Offenses 
650 4 |a Probation 
650 4 |a probationers 
650 4 |a Sentencing 
655 7 |a Statistik  |y 2002  |z USA  |0 (DE-588)4056995-0  |0 (DE-627)106152955  |0 (DE-576)209119799  |2 gnd-content 
655 7 |a Forschungsdaten  |0 (DE-588)1098579690  |0 (DE-627)857755366  |0 (DE-576)469182156  |2 gnd-content 
787 0 8 |i Forschungsdaten zu  |a Maruschak, Laura  |t Adults on Probation, Federal and State-by-State, 1977-2012  |d [Erscheinungsort nicht ermittelbar] : Bureau of Justice Statistics, 2013  |w (DE-627)1912451417 
787 0 8 |i Forschungsdaten zu  |a Maruschak, Laura  |t Adults on Probation, Federal and State-by-State, 1977-2012  |d [Erscheinungsort nicht ermittelbar] : Bureau of Justice Statistics, 2013  |w (DE-627)1912451425 
787 0 8 |i Forschungsdaten zu  |a Wildeman, Christopher, 1979 -   |t Age-standardized mortality of persons on probation, in jail, or in state prison and the general population, 2001-2012  |d 2019  |w (DE-627)1912453371 
787 0 8 |i Forschungsdaten zu  |a O'Brien, Timothy L.  |t Arresting confidence: Mass incarceration and Black-White differences in perceptions of legal authorities  |d 2020  |w (DE-627)1912460483 
787 0 8 |i Forschungsdaten zu  |a Papp, Jordan  |t Benchmarking the 2022 Q2 Vintage of the Criminal Justice Administrative Records System's Data Infrastructure  |d [Erscheinungsort nicht ermittelbar] : Institute for Social Research, 2022  |w (DE-627)1912467232 
787 0 8 |i Forschungsdaten zu  |a Papp, Jordan  |t Benchmarking the Criminal Justice Administrative Records System's Data Infrastructure  |d [Erscheinungsort nicht ermittelbar] : Institute for Social Research at the University of Michigan, 2021  |w (DE-627)1912467240 
787 0 8 |i Forschungsdaten zu  |a Pew Charitable Trusts  |t Comprehensive Policies Can Improve Probation and Parole  |d Pew Charitable Trusts, 2020  |w (DE-627)1912488590 
787 0 8 |i Forschungsdaten zu  |a Kaeble, Danielle  |t Correctional Populations in the United States, 2014  |d U.S. Department of Justice, Office of Justice Programs, Bureau of Justice Statistics, 2015  |w (DE-627)1912493632 
787 0 8 |i Forschungsdaten zu  |a Carson, E.A.  |t Correctional Populations in the United States, 2021  |d Bureau of Justice Statistics, 2023  |w (DE-627)1912493675 
787 0 8 |i Forschungsdaten zu  |a Buehler, Emily D.  |t Correctional Populations in the United States, 2022  |d Bureau of Justice Statistics, 2024  |w (DE-627)1912493683 
787 0 8 |i Forschungsdaten zu  |a Lynch, James P., 1949 -   |t Corrections in the United States: Trends in Correctional Populations, Common Perceptions of Incarceration, and the Role of Corrections in Society  |d [Erscheinungsort nicht ermittelbar] : Bureau of Justice Statistics, 2012  |w (DE-627)1912493748 
787 0 8 |i Forschungsdaten zu  |a Zimring, Franklin E., 1942 -   |t Crime, law enforcement, and sentencing in an era of prison expansion  |d Oxford University Press, 2020  |w (DE-627)1912498774 
787 0 8 |i Forschungsdaten zu  |a Clifford, Robert  |t The Criminal Population in New England: Records, Convictions, and Barriers to Employment  |d New England Public Policy Center, 2017  |w (DE-627)1912501325 
787 0 8 |i Forschungsdaten zu  |a Brown, Owen  |t From the civil rights movement to the rise of the incarceration nation: The politics of race and crime in contemporary America  |d 2012  |w (DE-627)1912562634 
787 0 8 |i Forschungsdaten zu  |a Knapp, Courtney  |t Local planning in the age of mass decarceration  |d 2020  |w (DE-627)1912611058 
787 0 8 |i Forschungsdaten zu  |a Wildeman, Christopher, 1979 -   |t Mass incarceration, public health, and widening inequality in the USA  |d 2017  |w (DE-627)1912617056 
787 0 8 |i Forschungsdaten zu  |a Phelps, Michelle  |t Mass probation  |d 2017  |w (DE-627)1743095287 
787 0 8 |i Forschungsdaten zu  |a Bucknor, Cherrie  |t The Price We Pay: Economic Costs of Barriers to Employment for Former Prisoners and People Convicted of Felonies  |d [Erscheinungsort nicht ermittelbar] : Center for Economic and Policy Research, 2016  |w (DE-627)1912662825 
787 0 8 |i Forschungsdaten zu  |a Glaze, Lauren E.  |t Probation and Parole in the United States, 2002  |d United States Department of Justice, Office of Justice Programs, 2003  |w (DE-627)1912664895 
787 0 8 |i Forschungsdaten zu  |a Kaeble, Danielle  |t Probation and Parole in the United States, 2014  |d U.S. Department of Justice, Office of Justice Programs, Bureau of Justice Statistics, 2015  |w (DE-627)1912665018 
787 0 8 |i Forschungsdaten zu  |a Kaeble, Danielle  |t Probation and Parole in the United States, 2016  |d [Erscheinungsort nicht ermittelbar] : Bureau of Justice Statistics, 2018  |w (DE-627)1912665034 
787 0 8 |i Forschungsdaten zu  |a Stober, Emmanuel  |t The race warfare and the United States justice system  |d 2020  |w (DE-627)1912674300 
856 4 0 |u https://doi.org/10.3886/ICPSR28363.v1  |x Resolving-System  |z kostenfrei  |3 Volltext  |7 0 
935 |a mkri 
951 |a BO 
ELC |a 1 
LOK |0 000 xxxxxcx a22 zn 4500 
LOK |0 001 429679616X 
LOK |0 003 DE-627 
LOK |0 004 1840048786 
LOK |0 005 20230324125208 
LOK |0 008 230324||||||||||||||||ger||||||| 
LOK |0 035   |a (DE-2619)ICPSR28363 
LOK |0 040   |a DE-2619  |c DE-627  |d DE-2619 
LOK |0 092   |o n 
LOK |0 852   |a DE-2619 
LOK |0 852 1  |9 00 
LOK |0 935   |a stat  |a foda  |a nacj 
LOK |0 939   |a 24-03-23  |b l01 
OAS |a 1 
ORI |a SA-MARC-krimdoka001.raw 
TIM |a 100020020101_100020021231  |b 2002 - 2002